| 000 | 01001cam a2200205 4500 | ||
|---|---|---|---|
| 001 | X103265 | ||
| 008 | 000000n1999 000 0 eng u | ||
| 035 | _a(Sirsi) u103265 | ||
| 245 | _aCharging order: costs of enforcement | ||
| 260 | _c1999 | ||
| 490 |
_aEstates Gazette Case Summaries _v[1999] EGCS 145 |
||
| 520 | _aHolder and others v APC Supperstone and others. ChD 30 November 1999. The claimants (H) obtained a money judgement against the freeholder of flats of which they were the leaseholders, for breaches of covenant. The freeholder was subsequently declared bankrupt and H engaged in third party litigation which was ultimately successful. H sought the costs of this litigation from the freeholder's trustee in bankruptcy. "Held" for the claimants. | ||
| 650 | _aENFORCEMENT COSTS | ||
| 650 | _aHOLDER AND OTHERS V APC SUPPERSTONE AND OTHERS | ||
| 650 | _aBANKRUPTCY | ||
| 650 | _aCHARGING ORDERS | ||
| 650 | _aLEGAL COSTS | ||
| 690 | _aPROPERTY LAW AND PRACTICE | ||
| 942 | _n0 | ||
| 999 |
_c62056 _d62056 |
||